000
00211 a2200097 4500
001
55093
100
_a
245
_a
Kulyat Dale Karneigi
260
_a
Lahore
_b
Fiction Ho
_c
2000
090
_c
34159
_d
34159
942
_a
NUST-CAE
_c
MONOGRAPH
_c
26846
999
_c
290166
_d
290166